More or Less: US Presidents Edition Quiz Stats

 Plays Quiz Updated May 23, 2018

Score 0/20 Timer 06:00
1 Play Today
Column A Number % Correct
Left Handed Presidents???
90.2%
Presidents who were Vice-Presidents???
78.4%
States where a president was born???
73.6%
# who had Beards/Mustaches while in office???
70.2%
Democratic Presidents???
63.7%
# who served in the military/a militia???
63.4%
# who were under 6 feet tall???
62.2%
Presidents Born in Ohio???
60.9%
Presidents named James???
59.9%
# who started their term while in their 50s???
59.9%
Column A Number % Correct
# who lost their birth state but won presidency???
59.4%
Presidents who died in their 70s???
58.4%
Divorced Presidents???
57.7%
Presidents who were lawyers???
57.1%
Presidents who served exactly one complete term???
55.3%
Baptist Presidents???
54.1%
# who served as Senators???
50.1%
Presidents who attended an Ivy League school ???
48.3%
Presidents who were adopted???
40.8%
# whose birthdays are in the first 1/2 of the year???
34.2%

You're not logged in!

Compare scores with friends on all Sporcle quizzes.
OR
Log In

Sporcle TV

Today on Sporcle TV


Watch our educational content, quiz creation guides, and fun videos on Sporcle TV.

Show Comments

Extras

Top Quizzes Today


Score Distribution

Your Account Isn't Verified!

In order to create a playlist on Sporcle, you need to verify the email address you used during registration. Go to your Sporcle Settings to finish the process.

Report this User

Report this user for behavior that violates our Community Guidelines.

Details: